Data Analytics (Record no. 13994)
[ view plain ]
| 000 -LEADER | |
|---|---|
| fixed length control field | 00442nam a22001937a 4500 |
| 003 - CONTROL NUMBER IDENTIFIER | |
| control field | OSt |
| 008 - FIXED-LENGTH DATA ELEMENTS--GENERAL INFORMATION | |
| fixed length control field | 260521b |||||||| |||| 00| 0 eng d |
| 020 ## - INTERNATIONAL STANDARD BOOK NUMBER | |
| International Standard Book Number | 9789358409987 |
| 082 ## - DEWEY DECIMAL CLASSIFICATION NUMBER | |
| Classification number | 005.74 KAD |
| 100 ## - MAIN ENTRY--PERSONAL NAME | |
| Personal name | KARTIK,N |
| 245 ## - TITLE STATEMENT | |
| Title | Data Analytics |
| 250 ## - EDITION STATEMENT | |
| Edition statement | 1st Ed |
| 260 ## - PUBLICATION, DISTRIBUTION, ETC. (IMPRINT) | |
| Place of publication, distribution, etc | New Delhi |
| Name of publisher, distributor, etc | Vision Book House |
| Date of publication, distribution, etc | 2023 |
| 300 ## - PHYSICAL DESCRIPTION | |
| Extent | 238p. |
| 700 ## - ADDED ENTRY--PERSONAL NAME | |
| Personal name | MOHANA,HK |
| 700 ## - ADDED ENTRY--PERSONAL NAME | |
| Personal name | SRIDEVI,Adhi |
| 942 ## - ADDED ENTRY ELEMENTS (KOHA) | |
| Source of classification or shelving scheme | Dewey Decimal Classification |
| Koha item type | Reference Books |
| Withdrawn status | Lost status | Source of classification or shelving scheme | Damaged status | Not for loan | Collection code | Home library | Current library | Date acquired | Source of acquisition | Currency | Cost, normal purchase price | Bill Number | Total Checkouts | Full call number | Acc. no. / Barcode | Date last seen | Actual Cost, discounted price | Bill Date | Koha item type |
|---|---|---|---|---|---|---|---|---|---|---|---|---|---|---|---|---|---|---|---|
| Dewey Decimal Classification | BBA(Business Analytics) | PIET C-LIBRARY | PIET C-LIBRARY | 13/05/2026 | Zafaa Books and Distributors | INR | 275.00 | ZBD2026-27-0044 | 005.74 KAD | 40251 | 21/05/2026 | 199.38 | 13/05/2026 | Reference Books |